[Event "Canada Int. op U1800"]
[Site "Contrecoeur CAN"]
[Date "2022.10.09"]
[Round "5.33"]
[White "Morais, Antoine"]
[Black "Nica, Ion"]
[Result "1/2-1/2"]
[WhiteElo "1474"]
[BlackElo "1718"]
[PlyCount "75"]
[EventDate "2022.10.07"]
[EventType "swiss"]
[EventRounds "5"]
[EventCountry "CAN"]

1. e4 c5 2. Nf3 g6 3. d4 cxd4 4. Nxd4 Nc6 5. c4 Nf6 6. Nc3 Nxd4 7. Qxd4 d6 8.
Be2 Bg7 9. Be3 O-O 10. Qd2 Bd7 11. O-O Bc6 12. f3 Nd7 13. Rfd1 a5 14. f4 a4 15.
Nd5 a3 16. Bd4 axb2 17. Qxb2 Bxd4+ 18. Rxd4 Bxd5 19. cxd5 Nc5 20. e5 Qa5 21.
Rb4 Qa7 22. Kh1 Qa3 23. Bc4 Qxb2 24. Rxb2 Ra4 25. Rc1 Rc8 26. Rcc2 Na6 27. Bxa6
Rxc2 28. Rxc2 bxa6 29. g3 a5 30. Rb2 Rd4 31. Rb5 Rd1+ 32. Kg2 Rd2+ 33. Kh3 Rxa2
34. exd6 exd6 35. Rb6 a4 36. Rxd6 Kf8 37. Ra6 Ke7 38. Kg4 1/2-1/2

[Event "Canada Int. op U1800"]
[Site "Contrecoeur CAN"]
[Date "2022.10.09"]
[Round "5.34"]
[White "Potvin, Alain-Nicolas"]
[Black "Li, James"]
[Result "1/2-1/2"]
[WhiteElo "1680"]
[BlackElo "1008"]
[PlyCount "86"]
[EventDate "2022.10.07"]
[EventType "swiss"]
[EventRounds "5"]
[EventCountry "CAN"]

1. d4 Nf6 2. Nf3 g6 3. Bf4 Bg7 4. e3 d6 5. Be2 O-O 6. O-O Nbd7 7. c4 Re8 8. Nc3
h6 9. h3 e5 10. dxe5 dxe5 11. Nxe5 Nxe5 12. Qxd8 Rxd8 13. Bxe5 c6 14. Rad1 Be6
15. b3 Ne8 16. Bxg7 Kxg7 17. Rxd8 Rxd8 18. Rd1 Rxd1+ 19. Bxd1 f5 20. Ne2 Nd6
21. Nd4 Bf7 22. Bf3 Kf6 23. Kf1 Ke5 24. Ke2 Ne4 25. Bxe4 fxe4 26. f4+ exf3+ 27.
gxf3 g5 28. Kf2 Be8 29. Kg3 Bd7 30. Ne2 a5 31. Nc3 Bf5 32. h4 b6 33. hxg5 hxg5
34. Na4 b5 35. cxb5 cxb5 36. Nc3 b4 37. Ne2 Bb1 38. Nc1 Bf5 39. e4 Be6 40. Ne2
g4 41. Kf2 gxf3 42. Kxf3 Bd7 43. Ke3 Bc6 1/2-1/2

[Event "Canada Int. op U1800"]
[Site "Contrecoeur CAN"]
[Date "2022.10.09"]
[Round "5.35"]
[White "Peloquin, Charli"]
[Black "Grenier, Jean-Michel"]
[Result "1-0"]
[WhiteElo "1459"]
[BlackElo "1581"]
[PlyCount "98"]
[EventDate "2022.10.07"]
[EventType "swiss"]
[EventRounds "5"]
[EventCountry "CAN"]

1. c4 Nf6 2. g3 e6 3. Nf3 d5 4. Bg2 Be7 5. O-O O-O 6. d4 c5 7. Qc2 Nc6 8. dxc5
dxc4 9. Qxc4 Qc7 10. Be3 Nd5 11. Bg5 Bxg5 12. Nxg5 Qe5 13. Qc1 Qxe2 14. Re1 Nd4
15. Nc3 Qc2 16. Bxd5 exd5 17. Qd1 Qf5 18. Qxd4 Qxg5 19. Re5 Qg6 20. Nxd5 Qh6
21. Ne7+ Kh8 22. Nxc8 Raxc8 23. Rd1 Qc6 24. a3 h6 25. Qh4 Qf3 26. Rd6 f6 27.
Re3 Qf5 28. b4 Rfd8 29. Rxd8+ Rxd8 30. Qe4 Qh3 31. Rd3 Rb8 32. Qe7 Qh5 33. Qc7
Re8 34. Kg2 Qf5 35. Rf3 Qe4 36. Qf4 Qc6 37. h4 Re1 38. Qb8+ Kh7 39. Qf4 Qb5 40.
Qf5+ Kh8 41. Qd3 Qc6 42. Qd8+ Kh7 43. Qd2 Ra1 44. Qb2 Re1 45. Qc3 Re5 46. Kh2
Re2 47. Qd3+ Re4 48. Rf4 f5 49. Rxf5 Kg8 1-0

[Event "Canada Int. op U1800"]
[Site "Contrecoeur CAN"]
[Date "2022.10.09"]
[Round "5.36"]
[White "Avarian, Aram Sevag"]
[Black "Bilodeau-Savaria, Sandy-Rose"]
[Result "1-0"]
[WhiteElo "1665"]
[BlackElo "1548"]
[PlyCount "83"]
[EventDate "2022.10.07"]
[EventType "swiss"]
[EventRounds "5"]
[EventCountry "CAN"]

1. d4 d5 2. c4 e6 3. Nf3 Nf6 4. Bg5 h6 5. Bh4 b6 6. Nc3 Be7 7. cxd5 exd5 8. Qb3
Bb7 9. e3 O-O 10. Bd3 Nbd7 11. Bxf6 Nxf6 12. Rc1 Ne4 13. Qc2 Nf6 14. Qb3 Re8
15. O-O Ne4 16. Bxe4 dxe4 17. Ne5 Rf8 18. Qc2 f5 19. Nb5 Bd6 20. Nxc7 Bxc7 21.
Qxc7 Qxc7 22. Rxc7 Bd5 23. a3 Rfc8 24. Rfc1 Rxc7 25. Rxc7 a6 26. f3 exf3 27.
gxf3 Rd8 28. Kf2 g5 29. Kg3 h5 30. f4 h4+ 31. Kf2 g4 32. Ng6 h3 33. Ne7+ Kf8
34. Nxf5 Bf3 35. Nh4 Bd5 36. Ng6+ Kg8 37. Ne7+ Kf8 38. Nxd5 Rxd5 39. Kg3 Rb5
40. b4 a5 41. bxa5 Rxa5 42. Rc3 1-0

[Event "Canada Int. op U1800"]
[Site "Contrecoeur CAN"]
[Date "2022.10.09"]
[Round "5.37"]
[White "Bilodeau-Savaria, Carl"]
[Black "Cassista, Jeremie"]
[Result "1/2-1/2"]
[WhiteElo "1568"]
[BlackElo "1745"]
[PlyCount "80"]
[EventDate "2022.10.07"]
[EventType "swiss"]
[EventRounds "5"]
[EventCountry "CAN"]

1. d4 d5 2. c4 e6 3. Nf3 Nf6 4. Nc3 Be7 5. e3 O-O 6. Bd3 Nbd7 7. O-O c5 8. Qb3
Nb6 9. dxc5 Bxc5 10. Rd1 Qe7 11. cxd5 exd5 12. Bd2 Bg4 13. Na4 Nxa4 14. Qxa4
Ne4 15. Be2 Rfd8 16. h3 Bd7 17. Bb5 Be6 18. Rac1 Rac8 19. Ba5 b6 20. Be1 a5 21.
a3 Qf6 22. b4 axb4 23. axb4 Be7 24. Rxc8 Rxc8 25. Bd7 Rc7 26. Qa8+ Bf8 27. Bxe6
fxe6 28. Qb8 Rc2 29. Qxb6 Rb2 30. Qd4 Qxd4 31. Nxd4 Bxb4 32. Bxb4 Rxb4 33. Nxe6
Rb5 34. Nc7 Rb2 35. f3 Nc3 36. Rd3 Ne2+ 37. Kh2 d4 38. Ne6 dxe3 39. Rxe3 h6 40.
Re4 Kf7 1/2-1/2

[Event "Canada Int. op U1800"]
[Site "Contrecoeur CAN"]
[Date "2022.10.09"]
[Round "5.38"]
[White "Ilustrisimo, Alfredo Jr"]
[Black "Poirier, Vincent"]
[Result "0-1"]
[WhiteElo "1556"]
[BlackElo "1656"]
[PlyCount "121"]
[EventDate "2022.10.07"]
[EventType "swiss"]
[EventRounds "5"]
[EventCountry "CAN"]

1. e4 e6 2. b3 d5 3. exd5 exd5 4. Bb2 Nf6 5. Nf3 Be7 6. d4 O-O 7. Bd3 Bg4 8. h3
Bh5 9. g4 Bg6 10. Bxg6 hxg6 11. Nbd2 Re8 12. O-O c6 13. c4 Nbd7 14. c5 Ne4 15.
Qc2 Bf6 16. Rae1 Qc7 17. Nxe4 dxe4 18. Nd2 e3 19. Nf3 exf2+ 20. Qxf2 Nf8 21. g5
Be7 22. Bc1 Ne6 23. Re4 Rf8 24. h4 Rae8 25. Bd2 b6 26. b4 Bd8 27. Rfe1 Qd7 28.
Bc3 Bc7 29. Bd2 Qd5 30. Bc1 Qf5 31. Ne5 Bxe5 32. Qxf5 Bxd4+ 33. Rxd4 gxf5 34.
Rd6 Rc8 35. cxb6 axb6 36. Be3 Rfd8 37. Red1 Rxd6 38. Rxd6 b5 39. a3 Ra8 40.
Rxc6 Rxa3 41. Bf2 Rb3 42. g6 Kf8 43. Bc5+ Nxc5 44. Rxc5 fxg6 45. Rxb5 Rh3 46.
Rb8+ Kf7 47. Rb7+ Kg8 48. b5 Rxh4 49. b6 Rb4 50. Rb8+ Kh7 51. b7 Rb2 52. Kf1 g5
53. Kg1 g6 54. Kf1 f4 55. Kg1 Kg7 56. Kf1 g4 57. Kg1 g3 58. Kf1 f3 59. Re8 Rxb7
60. Re1 Rb2 61. Ra1 0-1

[Event "Canada Int. op U1800"]
[Site "Contrecoeur CAN"]
[Date "2022.10.09"]
[Round "5.39"]
[White "Tachijian, Mardig"]
[Black "Crete, Mathys"]
[Result "0-1"]
[WhiteElo "1571"]
[BlackElo "1436"]
[PlyCount "214"]
[EventDate "2022.10.07"]
[EventType "swiss"]
[EventRounds "5"]
[EventCountry "CAN"]

1. Nf3 d5 2. b3 Bf5 3. Bb2 e6 4. e3 Nf6 5. d4 c5 6. Nbd2 cxd4 7. Nxd4 Bg6 8.
Bb5+ Nbd7 9. O-O Bd6 10. Rc1 O-O 11. N2f3 a6 12. Bd3 Bh5 13. Be2 Rc8 14. c4 Qb6
15. cxd5 Nxd5 16. Bc4 N5f6 17. Be2 Rfd8 18. Nd2 Bxe2 19. Qxe2 Bb8 20. Nc4 Qc5
21. Ba3 Qg5 22. Bd6 Rxc4 23. Rxc4 Bxd6 24. Nf3 Qh5 25. Qd3 Be7 26. Qc3 Nd5 27.
Qc2 N7b6 28. Rd4 Rc8 29. Qd2 Bf6 30. e4 Bxd4 31. Qxd4 e5 32. Nxe5 Nf4 33. Qxb6
Qxe5 34. Qxb7 Qc5 35. Qxa6 Qc6 36. Qxc6 Rxc6 37. a4 Kf8 38. g3 Ne2+ 39. Kg2 Rb6
40. Rb1 Nc3 41. Rb2 Nxe4 42. b4 Nc3 43. a5 Rb8 44. Rb3 Nb5 45. Rb2 Ke7 46. Kf3
Kd6 47. Rd2+ Ke6 48. Kg4 Rc8 49. f4 Rc4 50. Rb2 h6 51. Re2+ Kd6 52. Re8 Rxb4
53. Rg8 g6 54. Rh8 Ra4 55. Rxh6 Rxa5 56. Rh8 Nc7 57. Rd8+ Ke7 58. Rd2 Ne6 59.
Rb2 f5+ 60. Kh3 Kf6 61. Rb6 Rd5 62. Kg2 Rd2+ 63. Kg1 Ke7 64. Ra6 g5 65. fxg5
Nxg5 66. h4 Ne6 67. h5 Re2 68. h6 Kf7 69. h7 Re1+ 70. Kg2 Kg7 71. Ra7+ Kh8 72.
Rf7 Re5 73. Ra7 Ng5 74. g4 f4 75. Kf2 f3 76. Ra2 Kxh7 77. Kg3 Kg6 78. Ra6+ Kf7
79. Ra1 Re4 80. Ra5 Kf6 81. Rf5+ Kg6 82. Ra5 Re2 83. Ra6+ Kf7 84. Ra5 f2 85.
Rf5+ Ke6 86. Rxf2 Ne4+ 87. Kf3 Rxf2+ 88. Kxe4 Kf6 89. Ke3 Rf1 90. Ke2 Rf4 91.
Ke3 Rxg4 92. Kf3 Kf5 93. Ke3 Re4+ 94. Kd3 Kf4 95. Kd2 Re3 96. Kd1 Kf3 97. Kd2
Ke4 98. Kc2 Kd4 99. Kd2 Rd3+ 100. Ke2 Kc3 101. Kf2 Kd2 102. Kg2 Re3 103. Kf2
Rd3 104. Kf1 Ke3 105. Kg2 Rd8 106. Kf1 Rg8 107. Ke1 Rg1# 0-1

[Event "Canada Int. op U1800"]
[Site "Contrecoeur CAN"]
[Date "2022.10.09"]
[Round "5.40"]
[White "Straehl, Patrick"]
[Black "Alcantara, Maximo jr"]
[Result "1-0"]
[WhiteElo "1469"]
[BlackElo "1703"]
[PlyCount "103"]
[EventDate "2022.10.07"]
[EventType "swiss"]
[EventRounds "5"]
[EventCountry "CAN"]

1. d4 c6 2. Bf4 d5 3. e3 Bf5 4. Nf3 e6 5. c3 Nf6 6. h3 h6 7. Bd3 Be4 8. O-O Bd6
9. Bxd6 Qxd6 10. Ne5 Nbd7 11. Nxd7 Qxd7 12. f3 Bxd3 13. Qxd3 O-O 14. Nd2 Qc7
15. e4 Rae8 16. e5 Nd7 17. f4 f5 18. Qg3 Nb8 19. Nf3 c5 20. h4 cxd4 21. Nxd4
Qb6 22. Qf2 Nc6 23. Rfd1 Na5 24. b3 Nc6 25. Rac1 Nxd4 26. Qxd4 Qxd4+ 27. Rxd4
Rc8 28. c4 Rc6 29. Rd2 Rfc8 30. Rdc2 Rc5 31. a4 a6 32. Kf2 b5 33. axb5 axb5 34.
Ke3 dxc4 35. bxc4 bxc4 36. Rc3 Kf7 37. Rb1 Kg6 38. Rb6 R5c6 39. Rxc6 Rxc6 40.
Kd4 Kh5 41. Rxc4 Rxc4+ 42. Kxc4 Kg4 43. Kc5 Kxf4 44. Kd6 g5 45. hxg5 hxg5 46.
Kxe6 Ke4 47. Kd6 g4 48. e6 f4 49. e7 f3 50. e8=Q+ Kd3 51. gxf3 gxf3 52. Qe1 1-0

[Event "Canada Int. op U1800"]
[Site "Contrecoeur CAN"]
[Date "2022.10.09"]
[Round "5.41"]
[White "Bergeron, Rene"]
[Black "Beauregard, Pascal"]
[Result "1/2-1/2"]
[WhiteElo "1564"]
[BlackElo "1512"]
[PlyCount "94"]
[EventDate "2022.10.07"]
[EventType "swiss"]
[EventRounds "5"]
[EventCountry "CAN"]

1. c4 e5 2. Nc3 Nc6 3. g3 g6 4. Bg2 Bg7 5. d3 d6 6. Nf3 f5 7. Bg5 Nf6 8. Nd5 h6
9. Bxf6 Bxf6 10. Nxf6+ Qxf6 11. O-O O-O 12. e3 Be6 13. Rb1 Nd8 14. b4 g5 15. a4
Nf7 16. Nd2 c6 17. b5 Bd7 18. bxc6 Bxc6 19. Bxc6 bxc6 20. Rb7 d5 21. cxd5 cxd5
22. Qb3 Qc6 23. Rb5 Rfd8 24. Qb2 Rac8 25. Rd1 Qc2 26. Qxc2 Rxc2 27. Nb3 Ra2 28.
Nc5 Rc2 29. Ne6 Rd6 30. Rb8+ Kh7 31. Rb7 Kg6 32. Nf8+ Kg7 33. Nd7 Kg6 34. Rxa7
Rdc6 35. a5 Ra2 36. d4 Rcc2 37. Rf1 exd4 38. exd4 Rd2 39. Ne5+ Nxe5 40. dxe5 f4
41. gxf4 gxf4 42. Kg2 Re2 43. e6 Rxe6 44. Rb1 Kf5 45. Rb5 Ke4 46. Rb6 Rxb6 47.
axb6 Rb2 1/2-1/2

[Event "Canada Int. op U1800"]
[Site "Contrecoeur CAN"]
[Date "2022.10.09"]
[Round "5.42"]
[White "Michaud, Jean-Francois"]
[Black "Poulin, Richard"]
[Result "1-0"]
[WhiteElo "1537"]
[BlackElo "1471"]
[PlyCount "49"]
[EventDate "2022.10.07"]
[EventType "swiss"]
[EventRounds "5"]
[EventCountry "CAN"]

1. c4 f5 2. d4 Nf6 3. Nc3 g6 4. g3 Bg7 5. Bg2 d6 6. Bg5 O-O 7. Bxf6 Bxf6 8. e3
Nc6 9. Nge2 e5 10. O-O e4 11. a3 Bd7 12. b4 Ne7 13. Rc1 c6 14. g4 fxg4 15. Nxe4
Bf5 16. Nxf6+ Rxf6 17. e4 Bd7 18. Qd2 Qf8 19. e5 Rf5 20. exd6 Nc8 21. c5 Nxd6
22. cxd6 Qxd6 23. Ng3 Rf4 24. Ne4 Qf8 25. Nc5 1-0

[Event "Canada Int. op U1800"]
[Site "Contrecoeur CAN"]
[Date "2022.10.09"]
[Round "5.43"]
[White "Coulombe, David"]
[Black "Aubut, Jean-Philippe"]
[Result "0-1"]
[WhiteElo "1512"]
[BlackElo "1351"]
[PlyCount "110"]
[EventDate "2022.10.07"]
[EventType "swiss"]
[EventRounds "5"]
[EventCountry "CAN"]

1. e4 c6 2. d4 d5 3. f3 Qb6 4. Nc3 dxe4 5. fxe4 e5 6. Nf3 exd4 7. Qxd4 Qxd4 8.
Nxd4 g6 9. Bf4 Bg7 10. O-O-O Bg4 11. Be2 Bxe2 12. Ndxe2 Nd7 13. Rhf1 Bh6 14.
Bxh6 Nxh6 15. h3 f5 16. Ng3 Rf8 17. exf5 gxf5 18. Rfe1+ Kd8 19. Nh5 Rf7 20. Re6
Ng8 21. Red6 Kc7 22. Nf4 Nf8 23. Ne6+ Nxe6 24. Rxe6 Re7 25. Red6 Rae8 26. g4 f4
27. R6d4 Rf8 28. Ne4 f3 29. Rf1 Rf4 30. c3 Rexe4 31. Rxe4 Rxe4 32. Rxf3 Re7 33.
g5 Rg7 34. h4 Ne7 35. h5 Kd7 36. Rg3 Nf5 37. Rg1 Ke6 38. Re1+ Kd5 39. Rd1+ Ke4
40. Re1+ Kf4 41. g6 hxg6 42. hxg6 Rxg6 43. Rf1+ Ke4 44. Re1+ Ne3 45. Kd2 Rg2+
46. Kc1 Kd3 47. Rh1 Rf2 48. a3 Rf1+ 49. Rxf1 Nxf1 50. Kb1 Nd2+ 51. Ka2 Kc4 52.
a4 a5 53. Ka3 Nb3 54. Ka2 Nc5 55. Ka3 b6 0-1

[Event "Canada Int. op U1800"]
[Site "Contrecoeur CAN"]
[Date "2022.10.09"]
[Round "5.44"]
[White "Villeneuve, Denis"]
[Black "Wen, Justin"]
[Result "0-1"]
[WhiteElo "1510"]
[BlackElo "1383"]
[PlyCount "70"]
[EventDate "2022.10.07"]
[EventType "swiss"]
[EventRounds "5"]
[EventCountry "CAN"]

1. e4 Nf6 2. Nc3 d6 3. d4 Nbd7 4. Nf3 e5 5. Bc4 Be7 6. h3 c6 7. Be3 O-O 8. a3
exd4 9. Nxd4 Nc5 10. f3 Nh5 11. Qd2 Bh4+ 12. Bf2 Bg5 13. Be3 Bh4+ 14. Bf2 d5
15. Be2 Bxf2+ 16. Kxf2 Qh4+ 17. Kg1 Nf4 18. Qe1 Qg5 19. g4 f5 20. h4 Nxe2+ 21.
Qxe2 Qg6 22. exf5 Bxf5 23. Nxf5 Rxf5 24. Rf1 Re8 25. Qf2 Ne4 26. Qg2 Nxc3 27.
gxf5 Ne2+ 28. Kf2 Qh6 29. Rd1 Qe3+ 30. Kf1 Ng3+ 31. Qxg3 Qe2+ 32. Kg1 Qxd1+ 33.
Kh2 Re2+ 34. Kh3 Qxh1+ 35. Kg4 Rg2 0-1

[Event "Canada Int. op U2100"]
[Site "Contrecoeur CAN"]
[Date "2022.10.07"]
[Round "1.17"]
[White "Boisvert, Michel"]
[Black "Barko, Maxim"]
[Result "1-0"]
[WhiteElo "2091"]
[BlackElo "1805"]
[PlyCount "45"]
[EventDate "2022.10.07"]
[EventType "swiss"]
[EventRounds "5"]
[EventCountry "CAN"]

1. d4 f5 2. e4 fxe4 3. Nc3 Nf6 4. Bg5 c6 5. f3 Qb6 6. fxe4 Qxb2 7. Bd2 Qb6 8.
Nf3 d6 9. Rb1 Qd8 10. Bd3 g6 11. e5 dxe5 12. dxe5 Ng4 13. h3 Nh6 14. O-O Bg7
15. Bxh6 Bxh6 16. Bc4 Qxd1 17. Rbxd1 Bf5 18. Nd4 Be3+ 19. Kh1 h5 20. Nxf5 gxf5
21. Rxf5 Nd7 22. Bf7+ Kd8 23. e6 1-0

[Event "Canada Int. op U2100"]
[Site "Contrecoeur CAN"]
[Date "2022.10.07"]
[Round "1.18"]
[White "Trinh, Tri Bao"]
[Black "Mercure, Gilbert"]
[Result "1-0"]
[WhiteElo "2091"]
[BlackElo "1704"]
[PlyCount "123"]
[EventDate "2022.10.07"]
[EventType "swiss"]
[EventRounds "5"]
[EventCountry "CAN"]

1. c4 Nc6 2. Nc3 e5 3. g3 Bb4 4. Nd5 Bc5 5. Bg2 d6 6. e3 a6 7. Ne2 Bg4 8. h3
Bxe2 9. Qxe2 Nge7 10. O-O Nxd5 11. Bxd5 Qd7 12. d4 Ba7 13. dxe5 dxe5 14. Qf3 f5
15. Bxc6 bxc6 16. Rd1 Qe6 17. b3 O-O 18. Ba3 Rf7 19. Rd2 Re8 20. Rad1 f4 21.
exf4 Bd4 22. Kg2 c5 23. Re2 Qg6 24. Qe4 Rf5 25. Bxc5 Bxc5 26. Qd5+ Kh8 27. Qxc5
e4 28. Qxc7 Rf7 29. Qd6 Rf6 30. Qd2 h5 31. Qe3 h4 32. Rd5 hxg3 33. fxg3 Rd6 34.
Qd4 Rf6 35. Rg5 Qf7 36. Rxe4 Qb7 37. Rd5 Rfe6 38. Rxe6 Rxe6 39. Kf2 Qe7 40. Rd7
Re2+ 41. Kf3 Re3+ 42. Qxe3 Qxd7 43. g4 Qd1+ 44. Kg3 Qc2 45. Qe8+ Kh7 46. Qh5+
Kg8 47. Qd5+ Kh8 48. c5 Qc3+ 49. Kh4 Qe1+ 50. Kg5 Qe7+ 51. Kf5 Kh7 52. Qd6 Qf7+
53. Ke5 Qe8+ 54. Kd4 Qe2 55. c6 Qf2+ 56. Kd5 Qf3+ 57. Kc5 Qe3+ 58. Qd4 Qe2 59.
c7 Qb5+ 60. Kd6 Qe8 61. Qd3+ Kh8 62. Qf5 1-0

[Event "Canada Int. op U2100"]
[Site "Contrecoeur CAN"]
[Date "2022.10.07"]
[Round "1.19"]
[White "Page, Denis"]
[Black "Turcotte, Jonathan"]
[Result "1/2-1/2"]
[WhiteElo "1676"]
[BlackElo "1926"]
[PlyCount "69"]
[EventDate "2022.10.07"]
[EventType "swiss"]
[EventRounds "5"]
[EventCountry "CAN"]

1. e4 c6 2. Nf3 d5 3. d3 dxe4 4. dxe4 Qxd1+ 5. Kxd1 Bg4 6. Be2 Nd7 7. Ne1 Bxe2+
8. Kxe2 e5 9. Be3 Bc5 10. Nd3 Bxe3 11. Kxe3 f6 12. Nd2 Nh6 13. Nc4 O-O-O 14. a4
Kc7 15. b4 Nf7 16. Rhd1 Nb6 17. Nxb6 axb6 18. Nb2 Nd6 19. Rd3 Rd7 20. Rad1 Rhd8
21. f3 b5 22. axb5 cxb5 23. Ke2 Nc4 24. Nxc4 bxc4 25. Rxd7+ Rxd7 26. Rxd7+ Kxd7
27. c3 Ke6 28. g4 g6 29. h3 Kf7 30. Kf2 Kg7 31. Kg3 Kh6 32. f4 Kg7 33. fxe5
fxe5 34. g5 h6 35. h4 1/2-1/2

[Event "Canada Int. op U2100"]
[Site "Contrecoeur CAN"]
[Date "2022.10.07"]
[Round "1.20"]
[White "Jacquet, Stephane"]
[Black "Goldner, John"]
[Result "1-0"]
[WhiteElo "1887"]
[BlackElo "1655"]
[PlyCount "73"]
[EventDate "2022.10.07"]
[EventType "swiss"]
[EventRounds "5"]
[EventCountry "CAN"]

1. d4 d5 2. c4 e6 3. Nc3 c5 4. cxd5 exd5 5. Nf3 Nf6 6. g3 Nc6 7. Bg2 Be7 8. O-O
O-O 9. Be3 c4 10. Ne5 Be6 11. f4 Qc8 12. Qd2 Rd8 13. b3 Nxe5 14. fxe5 Ng4 15.
Bf4 g5 16. Bxg5 Bxg5 17. Qxg5+ Kh8 18. Nb5 Rg8 19. Qf4 Qf8 20. bxc4 dxc4 21.
Nd6 Nh6 22. d5 Bg4 23. Qxc4 Qe7 24. Qf4 Bxe2 25. Qxh6 Bxf1 26. Rxf1 Rg6 27. Qf4
f6 28. e6 Rf8 29. Nf5 Qc5+ 30. Kh1 Re8 31. Nh4 Reg8 32. Nxg6+ Rxg6 33. d6 f5
34. e7 Rg8 35. Re1 Qb5 36. Qe5+ Qxe5 37. Rxe5 1-0

[Event "Canada Int. op U2100"]
[Site "Contrecoeur CAN"]
[Date "2022.10.07"]
[Round "1.21"]
[White "Yan, Alex Jikai"]
[Black "Giroux, Robert"]
[Result "0-1"]
[WhiteElo "1619"]
[BlackElo "1884"]
[PlyCount "200"]
[EventDate "2022.10.07"]
[EventType "swiss"]
[EventRounds "5"]
[EventCountry "CAN"]

1. e4 c6 2. d4 d5 3. exd5 cxd5 4. c4 Nf6 5. Nc3 Nc6 6. Nf3 a6 7. Bg5 Be6 8. c5
Ne4 9. Be3 g6 10. Qa4 Nxc3 11. bxc3 Qa5 12. Qxa5 Nxa5 13. Bd3 Bf5 14. Bxf5 gxf5
15. Rb1 Rc8 16. Ke2 h5 17. Nh4 e6 18. f4 Be7 19. Nf3 Rc7 20. Rb4 Kd8 21. Ne5
Bf6 22. Ra4 Bxe5 23. Rxa5 Bf6 24. Rb1 Kc8 25. Kd3 Rg8 26. Rb2 Rc6 27. Ra4 Bd8
28. Rab4 Rc7 29. g3 h4 30. gxh4 Rg4 31. h5 Rh4 32. Rg2 Rxh5 33. a4 Rh3 34. Kd2
Rc6 35. Bf2 b6 36. cxb6 Bxb6 37. Rg8+ Kd7 38. Bg3 Ba5 39. Rb3 Rh7 40. Kd3 Rc4
41. Ra8 Rc6 42. Rg8 Ke7 43. h4 Kf6 44. Be1 Rg7 45. Rxg7 Kxg7 46. Ra3 Kg6 47.
Ra2 Bd8 48. Rg2+ Kh7 49. Kc2 Be7 50. Bd2 Rb6 51. Rg3 Rb8 52. Rg1 Bd6 53. Be3
Be7 54. Bf2 Ba3 55. Kd3 Rb2 56. Bg3 Bd6 57. h5 Rb8 58. Bh2 Kh6 59. Rh1 Kxh5 60.
Bg1+ Kg6 61. Be3 Rb2 62. Rg1+ Kf6 63. Ra1 Ke7 64. a5 Kd7 65. Ra4 Rb3 66. Kc2
Ra3 67. Rxa3 Bxa3 68. Kb3 Bd6 69. Ka4 Kc6 70. Bc1 Be7 71. Be3 Bh4 72. Bd2 Bf2
73. Kb4 Bh4 74. Ka4 Be7 75. Be1 Bd6 76. Bg3 Kd7 77. Kb3 Ke7 78. Bh4+ f6 79. Bg3
Kf7 80. c4 Kg6 81. c5 Bc7 82. Kb4 Kh5 83. Bh2 Kg4 84. c6 Kh3 85. Bg1 Kg2 86.
Be3 Kf3 87. Bd2 Ke2 88. Bc1 Kd3 89. Kc5 Kc3 90. Be3 Kb3 91. Bc1 Kc3 92. Be3 Kd3
93. Bc1 Ke4 94. Bd2 e5 95. fxe5 fxe5 96. dxe5 Kxe5 97. Bc3+ Ke4 98. Bf6 f4 99.
Be7 f3 100. Bd6 Bxa5 0-1

[Event "Canada Int. op U2100"]
[Site "Contrecoeur CAN"]
[Date "2022.10.07"]
[Round "1.22"]
[White "Cossette, Daniel"]
[Black "Sonko, Babacar"]
[Result "1-0"]
[WhiteElo "1831"]
[BlackElo "1550"]
[PlyCount "147"]
[EventDate "2022.10.07"]
[EventType "swiss"]
[EventRounds "5"]
[EventCountry "CAN"]

1. e4 e5 2. Nf3 Nc6 3. d4 exd4 4. c3 d6 5. cxd4 Nf6 6. Nc3 Be7 7. Bb5 O-O 8. h3
Bd7 9. O-O a6 10. Bd3 h6 11. Bf4 Nh7 12. Rc1 Ng5 13. Bxg5 Bxg5 14. Nxg5 Qxg5
15. f4 Qh4 16. Ne2 Rac8 17. Qe1 Qxe1 18. Rfxe1 Nb4 19. Bb1 Bb5 20. Rc3 Rfe8 21.
Kf2 Nc6 22. d5 Ne7 23. Nd4 Bd7 24. Rec1 c6 25. dxc6 Nxc6 26. Nf3 Ne7 27. Rd1
Rxc3 28. bxc3 Nc8 29. e5 Be6 30. exd6 Rd8 31. f5 Bc4 32. d7 Nb6 33. Ne5 Bb5 34.
Be4 Nxd7 35. Nxd7 Rxd7 36. Rxd7 Bxd7 37. Bxb7 a5 38. Be4 Kf8 39. Ke3 Ke7 40.
Kd4 Kd6 41. c4 f6 42. c5+ Kc7 43. Kc4 Be8 44. c6 Kb6 45. Bd5 g6 46. fxg6 Bxg6
47. c7 Bf5 48. Kd4 Kxc7 49. Kc5 Bd7 50. Bc4 Bc6 51. g3 Bd7 52. h4 Bc6 53. a3
Bd7 54. Bb5 Bg4 55. Bc6 Be2 56. Bd5 Bd1 57. Kb5 a4 58. Kc5 Bc2 59. Bc6 Kd8 60.
Kb4 Kc7 61. Bxa4 Be4 62. Kc5 Kb7 63. Bb3 Ka6 64. Kd6 Ka5 65. Ke6 f5 66. Ke5 Bd3
67. Be6 Ka4 68. Bxf5 Be2 69. Kf6 Kxa3 70. Kg6 h5 71. Kg5 Kb4 72. Bg6 Kc5 73.
Bxh5 Bd3 74. Bg6 1-0

[Event "Canada Int. op U2100"]
[Site "Contrecoeur CAN"]
[Date "2022.10.07"]
[Round "1.23"]
[White "Mok, Yuen Tak"]
[Black "Yang, Jing Yao"]
[Result "1-0"]
[WhiteElo "1811"]
[BlackElo "1472"]
[PlyCount "45"]
[EventDate "2022.10.07"]
[EventType "swiss"]
[EventRounds "5"]
[EventCountry "CAN"]

1. Nf3 d5 2. c4 d4 3. e3 c5 4. b4 b6 5. exd4 cxd4 6. Bb2 Qd6 7. Nxd4 Qxb4 8.
Bc3 Qc5 9. Qf3 e5 10. Nb5 Nc6 11. Nc7+ Kd8 12. Nxa8 Be6 13. Be2 Bxc4 14. Bxc4
Qxc4 15. Qe2 Qd5 16. O-O Bd6 17. a4 h5 18. Na3 Nf6 19. Qc4 g5 20. Rfe1 Re8 21.
Qxd5 Nxd5 22. Nc4 Bb8 23. Rab1 1-0

[Event "Canada Int. op U2100"]
[Site "Contrecoeur CAN"]
[Date "2022.10.07"]
[Round "1.24"]
[White "Gasser, Hossam"]
[Black "Forget, Luc"]
[Result "1-0"]
[WhiteElo "1343"]
[BlackElo "1809"]
[PlyCount "71"]
[EventDate "2022.10.07"]
[EventType "swiss"]
[EventRounds "5"]
[EventCountry "CAN"]

1. e4 e5 2. Nf3 Nc6 3. Nc3 Nf6 4. Bc4 Be7 5. d3 d6 6. Bd2 O-O 7. Ne2 Bg4 8. Ng3
d5 9. exd5 Nxd5 10. h3 Be6 11. a3 Qd7 12. Bb5 f6 13. O-O a6 14. Ba4 Bc5 15. Kh2
b5 16. Bb3 Nde7 17. Ne4 Bb6 18. Bxe6+ Qxe6 19. Be3 Nd4 20. Nxd4 exd4 21. Bd2 c5
22. Re1 Nd5 23. Kh1 Qd7 24. Qf3 Rad8 25. Re2 a5 26. Rae1 c4 27. Ng3 c3 28. bxc3
dxc3 29. Bc1 Bc5 30. Nf5 Kh8 31. d4 Bb6 32. Re7 Nxe7 33. Rxe7 Qd5 34. Bh6 gxh6
35. Qh5 Rg8 36. Rxh7+ 1-0

[Event "Canada Int. op U2100"]
[Site "Contrecoeur CAN"]
[Date "2022.10.08"]
[Round "2.17"]
[White "Mangahas, Ronald"]
[Black "Trinh, Tri Bao"]
[Result "1/2-1/2"]
[WhiteElo "1807"]
[BlackElo "1999"]
[PlyCount "136"]
[EventDate "2022.10.07"]
[EventType "swiss"]
[EventRounds "5"]
[EventCountry "CAN"]

1. e4 c6 2. Nc3 d5 3. Nf3 Bg4 4. h3 Bxf3 5. Qxf3 dxe4 6. Nxe4 Nd7 7. d4 Ngf6 8.
Bd3 Nxe4 9. Qxe4 Nf6 10. Qh4 e6 11. O-O Be7 12. c3 Nd5 13. Qe4 Nf6 14. Qh4 Nd5
15. Qg3 O-O 16. Bc2 c5 17. Bh6 g6 18. Bxf8 Qxf8 19. dxc5 Bxc5 20. Rad1 Qe7 21.
Rfe1 Qf6 22. Bb3 Nf4 23. Re4 g5 24. Rd2 h6 25. h4 Kg7 26. Qf3 Rd8 27. hxg5 hxg5
28. Rxd8 Qxd8 29. Re1 Qd2 30. Rf1 Qxb2 31. g3 Ne2+ 32. Kg2 Nxc3 33. Qxb7 Nb1
34. Bd5 Qxb7 35. Bxb7 Nc3 36. Rc1 Bd4 37. Rc2 e5 38. Bc6 Kf6 39. a4 Ke7 40. a5
Kd6 41. Be8 f6 42. a6 Ke7 43. Bg6 Kd6 44. Bd3 e4 45. Be2 f5 46. Bh5 f4 47. Bg6
Ke5 48. Kf1 Nd5 49. Rc8 e3 50. gxf4+ gxf4 51. f3 Nb4 52. Re8+ Kd6 53. Re4 Kc5
54. Rxf4 Nxa6 55. Bd3 Nb4 56. Rf5+ Kd6 57. Ke2 Nd5 58. Bc4 Nb6 59. Rf4 Bc5 60.
Kd3 Nd7 61. Re4 Ne5+ 62. Ke2 a5 63. f4 Nc6 64. Bb5 Nd4+ 65. Rxd4+ Bxd4 66. Ba4
Ke6 67. Bb3+ Kf5 68. Kf3 Bc5 1/2-1/2

[Event "Canada Int. op U2100"]
[Site "Contrecoeur CAN"]
[Date "2022.10.08"]
[Round "2.18"]
[White "Barko, Maxim"]
[Black "Jacquet, Stephane"]
[Result "1-0"]
[WhiteElo "1805"]
[BlackElo "1887"]
[PlyCount "73"]
[EventDate "2022.10.07"]
[EventType "swiss"]
[EventRounds "5"]
[EventCountry "CAN"]

1. e4 d6 2. d4 g6 3. Be3 Bg7 4. Nc3 a6 5. Bd3 b5 6. Qd2 Nd7 7. a4 b4 8. Nce2 c5
9. c3 bxc3 10. bxc3 Qc7 11. Nf3 Ngf6 12. h3 Bb7 13. Ng3 h5 14. Ng5 O-O 15. O-O
h4 16. Ne2 d5 17. e5 Ne4 18. Bxe4 dxe4 19. e6 f6 20. Nf7 Rxf7 21. exf7+ Kxf7
22. Rab1 Rd8 23. Rfc1 e5 24. Qa2+ c4 25. dxe5 Nxe5 26. Bb6 Qc6 27. Bxd8 e3 28.
Rxb7+ Qxb7 29. Qb1 Qd5 30. Rd1 exf2+ 31. Kf1 Nd3 32. Qb6 g5 33. Qd4 Qe6 34. Ba5
f5 35. Qa7+ Kg8 36. Qc7 Bf6 37. Rb1 1-0